000
00230nam a2200097Ia 4500
001
690510
005
20250826161817.0
008
250824s9999 xx 000 0 und d
245
0
_a
YOLCULUK
_c
FİKRET KUL
260
_b
TİMAŞ YAYINLARI
999
_c
690510
_d
690510